SASUKE最難関エリア トップ5 - Statistics

General Stats
  • This quiz has been taken 55 times
  • The average score is 8 of 15
Answer Stats
ステージ 登場回数 エリア名 クリア率 % Correct
1st 1位 8回 ドラゴングライダー 51%
91%
3rd 1位 39回 クリフハンガー 44.7%
81%
2nd 2位 25回 サーモンラダー 81.5%
74%
3rd 2位 15回 バーティカルリミット 45.5%
72%
2nd 4位 32回 スパイダーラン 88.8%
65%
3rd 3位 31回 パイプスライダー 52.6%
65%
1st 2位 17回 ジャンプハング 54.4%
53%
2nd 1位 14回 メタルスピン 78.6%
51%
1st 3位 9回 ジャンピングスパイダー 59.5%
42%
3rd 5位 4回 スイングエッジ 75.6%
40%
1st 4位 3回 ローリングエスカルゴ 59.6%
35%
2nd 5位 5回 ローリングログ 89%
35%
1st 5位 4回 フライングシュート 61.7%
33%
3rd 4位 13回 ボディプロップ 75.3%
33%
2nd 3位 9回 5連ハンマー 85.3%
28%
No matching quizzes found
Score Distribution
Percent of People with Each Score
Percentile by Number Answered
Your Score History
You have not taken this quiz